Vista normal Vista MARC

Entrada Término de materia

Número de registros utilizados en: 3

001 - NÚMERO DE CONTROL

  • Campo de control: 7213

003 - IDENTIFICADOR DE NÚMERO DE CONTROL

  • Campo de control: OSt

005 - FECHA Y HORA DE LA ULTIMA MODIFICACION

  • Campo de control: 20131017102418.0

008 - ELEMENTOS DE DATOS DE LONGITUD FIJA

  • Campo de longitud fija: 131017|| aca||babn | a|a d

040 ## - FUENTE DE LA CATALOGACIÓN

  • Agencia original de catalogación: OSt

082 ## - NÚMERO DE LA CLASIFICACION DEWEY

  • Número de clasificación: 338.479100142

150 ## - ENCABEZAMIENTO--MATERIA

  • Término de materia o geográfico como elemento de entrada: Turismo
  • Subdivisión general: Investigación
  • Subdivisión general: Metodología